000 005650000a22001450004500
003 MACL
005 20190501150132.0
008 190501b xxu||||| |||| 00| 0 eng d
040 _aMACL
_cmacl
100 _aशास्‍त्री , धर्मेन्‍द्र ब्रहमचारी
_974650
245 _aसन्‍तकवि दरिया : एक अनुशीलन
260 _bबिहार राष्‍ट्रभाषा परिषद
_aपटना
650 _aसाहित्‍य
_974651
942 _cHIN
_k800
_2ddc
999 _c24620
_d24620